ထူးခြားပြည့်စုံသောရွှေတိဂုံစေတီတော်သမိုင်း / (Record no. 20663)

000 -LEADER
fixed length control field 00773nam a2200205Ia 4500
003 - CONTROL NUMBER IDENTIFIER
control field OSt
005 - DATE AND TIME OF LATEST TRANSACTION
control field 20250820134720.0
007 - PHYSICAL DESCRIPTION FIXED FIELD--GENERAL INFORMATION
fixed length control field ca aa aaaaa
008 - FIXED-LENGTH DATA ELEMENTS--GENERAL INFORMATION
fixed length control field 201103s9999 xx 000 0 und d
040 ## - CATALOGING SOURCE
Transcribing agency SSBUL
041 ## - LANGUAGE CODE
Language code of text/sound track or separate title bur
082 ## - DEWEY DECIMAL CLASSIFICATION NUMBER
Classification number ၂၉၄.၃၄၃၅
Item number ညွန့်
100 ## - MAIN ENTRY--PERSONAL NAME
Personal name ညွန့်ဝေ၊ ဦး
9 (RLIN) 19446
245 10 - TITLE STATEMENT
Title ထူးခြားပြည့်စုံသောရွှေတိဂုံစေတီတော်သမိုင်း /
Statement of responsibility, etc. ဦးညွန့်ဝေ။
260 ## - PUBLICATION, DISTRIBUTION, ETC.
Place of publication, distribution, etc. ရန်ကုန် ၊
Name of publisher, distributor, etc. သစ္စာမဏ္ဍိုင်စာပေ၊
Date of publication, distribution, etc. ၁၉၈၉။
300 ## - PHYSICAL DESCRIPTION
Extent ၁၆၀ စာမျက်နှာ ၊
Dimensions ၁၇ စင်တီ။
942 ## - ADDED ENTRY ELEMENTS (KOHA)
Koha item type Books (Long term)
Source of classification or shelving scheme
Source of classification or shelving scheme
Source of classification or shelving scheme
Holdings
Withdrawn status Lost status Source of classification or shelving scheme Damaged status Not for loan Collection code Permanent Location Current Location Shelving location Date acquired Total Checkouts Full call number Barcode Date last seen Price effective from Koha item type Accession
          Myanmar Collection Shan State Buddhist University Library Shan State Buddhist University Library Myanmar Shelves 17/02/2023   ၂၉၄.၃၄၃၅ ညွန့် ၄၅၇၃ MB00004573 17/02/2023 17/02/2023 Books (Long term) ၄၅၇၃
          Myanmar Collection Shan State Buddhist University Library Shan State Buddhist University Library Myanmar Shelves 17/02/2023   ၂၉၄.၃၄၃၅ ညွန့် ၆၀၄၃ MB00006043 22/08/2023 17/02/2023 Books (Long term) ၆၀၄၃

Library - 09407999929
Admin Office - 09407999979
Dean Office - 09250910768
Registrar Office - 09892297154
Email - [email protected]
Shan State Buddhist University, Phaya Phyu Taunggyi, Shan State, Myanmar.